Observations on evaluation of vertical tapping as a crop harvesting method of rubber (Hevea brasiliensis)- Performance of clone RRII 105 to vertical tapping under d3 6d/7 frequency of tapping (Record no. 49996)

MARC details
000 -LEADER
fixed length control field 00704nam a2200157Ia 4500
100 ## - MAIN ENTRY--AUTHOR NAME
Personal name Rajagopal R
245 #0 - TITLE STATEMENT
Title Observations on evaluation of vertical tapping as a crop harvesting method of rubber (Hevea brasiliensis)- Performance of clone RRII 105 to vertical tapping under d3 6d/7 frequency of tapping
260 ## - PUBLICATION, DISTRIBUTION, ETC. (IMPRINT)
Name of publisher PLACROSYM XXIII. Climate Resilient Technologies for Sustainability of Plantation Crops, 6-8 March 2019, Central Coffee Research Institute, Chikkamangaluru, Karnataka, India, Abstracts, p.74.
650 ## - SUBJECT ADDED ENTRY--TOPICAL TERM
Topical Term RRII 105
650 ## - SUBJECT ADDED ENTRY--TOPICAL TERM
Topical Term Rubber
650 ## - SUBJECT ADDED ENTRY--TOPICAL TERM
Topical Term Vertical tapping
650 ## - SUBJECT ADDED ENTRY--TOPICAL TERM
Topical Term Yield
700 ## - ADDED ENTRY--PERSONAL NAME
Personal name Karunaichamy K
942 ## - ADDED ENTRY ELEMENTS (KOHA)
Koha item type Bibliography STAF
Holdings
Withdrawn status Lost status Damaged status Not for loan Home library Current library Shelving location Date acquired Koha item type
      Bibliography RRII Library RRII Library LHT 01/01/2021 Bibliography STAF